Fundamentos de señales y sistemas usando la web y Matlab
Saved in:
| Main Authors: | , |
|---|---|
| Format: | Bog |
| Sprog: | spansk |
| Udgivet: |
Ciudad de México
Pearson Educación
2008
|
| Udgivelse: | 3a. ed |
| Fag: | |
| Tags: |
Tilføj Tag
Ingen Tags, Vær først til at tagge denne postø!
|
MARC
| LEADER | 00000nam a2200000 a 4500 | ||
|---|---|---|---|
| 001 | UCH2357 | ||
| 003 | CL-VaPUC | ||
| 008 | 090611e20080000MX |||||||||||||||||spa|d | ||
| 020 | |a 9789702611875 | ||
| 082 | 0 | 4 | |a 621.38 |b KAM |2 21 |
| 100 | |a Kamen, Edward W |e author |9 563900 | ||
| 700 | 0 | |a Heck, Bonnie S |e author |9 537111 | |
| 245 | 1 | 0 | |a Fundamentos de señales y sistemas usando la web y Matlab |
| 250 | |a 3a. ed | ||
| 300 | |a 658 p | ||
| 942 | |c BK | ||
| 945 | |d 20090611 00:00:00 |a rbrito | ||
| 260 | |a Ciudad de México |b Pearson Educación |c 2008 | ||
| 650 | 0 | |a Electrónica digital |9 263160 | |
| 650 | 0 | |a Telecomunicaciones |9 257195 | |
| 650 | 0 | |a Teoría de señales |9 450664 | |
| 650 | 0 | |a Procesamiento de señales |9 260702 | |
| 583 | |a last modification |c 20090611 00:00:00 |k Rodrigo Vera | ||
| 999 | |c 334102 |d 334100 | ||
| 952 | |0 0 |1 0 |2 ddc |4 0 |6 621_380000000000000_KAM_2008 |7 0 |8 A |9 422924 |a BIBING |b BIBING |c RES |d 2019-11-22 |i 4561341 |l 2 |m 1 |o 621.38 KAM 2008 |p 4561341 |r 2025-01-20 |s 2024-04-02 |w 2019-11-22 |y BK |k EIE | ||